| 000 | 00747cam a2200265 4500 | ||
|---|---|---|---|
| 001 | 30194 | ||
| 003 | BD-RjUL | ||
| 005 | 20211209051528.0 | ||
| 008 | 140409s19721953nyua b 001 0 eng d | ||
| 020 | _a0471295701 | ||
| 035 | _a(BD-RjUL)30279 | ||
| 040 |
_aDLC _cDLC _dBD-RjUL _beng |
||
| 041 | _aeng | ||
| 082 | 0 | 0 |
_a152.1 _bGEH 1972 |
| 100 | 1 |
_aGeldard, Frank A. _q(Frank Arthur), _d1904-1984. _95522 |
|
| 245 | 1 | 4 |
_aThe human senses / _c[by] Frank A. Geldard. |
| 250 | _a2d ed. | ||
| 260 |
_aNew York : _bWiley, _cc1972. |
||
| 300 |
_axi, 584 p. ; _c24 cm. |
||
| 504 | _aIncludes index and Bibliography: p. 525-555. | ||
| 650 | 0 |
_aSenses and sensation. _95252 |
|
| 942 |
_2ddc _cBK |
||
| 999 |
_c30194 _d30194 |
||